[Event "20. Obert Int. Sant Marti 2018 - B"]
[Site "Barcelona ESP"]
[Date "2018.07.20"]
[Round "8.13"]
[White "Lopez Nadal, Alex"]
[Black "Molinero Martin, Joan"]
[Result "1/2-1/2"]
[WhiteElo "1794"]
[BlackElo "1939"]
[PlyCount "85"]
[EventDate "2018.07.13"]
[EventType "swiss"]
[EventRounds "9"]
[EventCountry "ESP"]
[SourceTitle "Ajedrez en Madrid"]
[Source "lmi"]
[SourceDate "2018.07.13"]
[SourceVersion "1"]
[SourceVersionDate "2019.06.21"]
[SourceQuality "1"]

1. d4 Nf6 2. c4 g6 3. Nc3 d5 4. cxd5 Nxd5 5. e4 Nxc3 6. bxc3 Bg7 7. Be3 c5 8.
Qd2 cxd4 9. cxd4 O-O 10. Bc4 Nc6 11. Ne2 Qa5 12. Qxa5 Nxa5 13. Bd3 Be6 14. Nf4
Bc4 15. Kd2 Rfd8 16. Ne2 Bxd3 17. Kxd3 Nc6 18. Rhd1 Nxd4 19. Nxd4 e5 20. f3
exd4 21. Bf2 Rac8 22. Rac1 Rc3+ 23. Rxc3 dxc3+ 24. Kc2 Rxd1 25. Kxd1 a6 26. Bc5
f5 27. exf5 gxf5 28. Kc2 Kf7 29. Bb4 Ke6 30. Bxc3 Bxc3 31. Kxc3 Ke5 32. Kc4 b6
33. a3 h5 34. Kc3 Kd5 35. Kd3 b5 36. Kc3 a5 37. g3 Kc5 38. h3 Kd5 39. Kd3 Ke5
40. Kc3 Kd5 41. Kd3 b4 42. axb4 axb4 43. g4 1/2-1/2

[Event "20. Obert Int. Sant Marti 2018 - B"]
[Site "Barcelona ESP"]
[Date "2018.07.20"]
[Round "8.14"]
[White "Ramos Alvarez, Maximo"]
[Black "Madrid Sole, Antonio"]
[Result "0-1"]
[WhiteElo "1939"]
[BlackElo "1776"]
[PlyCount "100"]
[EventDate "2018.07.13"]
[EventType "swiss"]
[EventRounds "9"]
[EventCountry "ESP"]
[SourceTitle "Ajedrez en Madrid"]
[Source "lmi"]
[SourceDate "2018.07.13"]
[SourceVersion "1"]
[SourceVersionDate "2019.06.21"]
[SourceQuality "1"]

1. e4 e6 2. Nf3 d5 3. e5 c5 4. b4 cxb4 5. d4 Nc6 6. a3 Bd7 7. Bd3 Qb6 8. Be3
bxa3 9. O-O Nb4 10. Be2 a2 11. Nc3 Rc8 12. Nxa2 Nxc2 13. Rb1 Qc7 14. Bd3 Na3
15. Rc1 Nc4 16. Nc3 Ba3 17. Rc2 b5 18. Nb1 Be7 19. Nbd2 Qb7 20. Qb1 Bc6 21.
Rcc1 h6 22. Nb3 Qb8 23. Qa2 Bb4 24. Bb1 Ne7 25. Ne1 a5 26. Nd3 Ba3 27. Rc2 a4
28. Nbc5 b4 29. Rxc4 dxc4 30. Qxc4 Bd5 31. Qc2 b3 32. Qd2 Qa8 33. Qe2 Bc4 34.
Qg4 Bxc5 35. dxc5 Bd5 36. Nf4 a3 37. Nh5 a2 38. Nxg7+ Kd7 39. Bd3 a1=Q 40. Bb5+
Nc6 41. Nh5 Qxf1+ 42. Bxf1 Nxe5 43. Qd4 Ng6 44. Bb5+ Kc7 45. c6 Qa5 46. Bf1
Bxc6 47. Qf6 Qxh5 48. Qxf7+ Bd7 49. Bd4 Rhf8 50. Bb6+ Kxb6 0-1

[Event "20. Obert Int. Sant Marti 2018 - B"]
[Site "Barcelona ESP"]
[Date "2018.07.20"]
[Round "8.15"]
[White "Munoz Lozano, Jorge Manuel"]
[Black "Riera Danes, Manel"]
[Result "0-1"]
[WhiteElo "1787"]
[BlackElo "1938"]
[PlyCount "104"]
[EventDate "2018.07.13"]
[EventType "swiss"]
[EventRounds "9"]
[EventCountry "ESP"]
[SourceTitle "Ajedrez en Madrid"]
[Source "lmi"]
[SourceDate "2018.07.13"]
[SourceVersion "1"]
[SourceVersionDate "2019.06.21"]
[SourceQuality "1"]

1. d4 Nf6 2. c4 g6 3. Nc3 Bg7 4. e4 d6 5. g3 O-O 6. Bg2 Nbd7 7. Nf3 e5 8. O-O
c6 9. Re1 Qb6 10. Rb1 exd4 11. Nxd4 Ne5 12. b3 Nfg4 13. Na4 Qd8 14. h3 Nh6 15.
Be3 f5 16. Qd2 Nhf7 17. exf5 gxf5 18. Bf4 Qf6 19. Rbd1 Bd7 20. Nf3 Rad8 21. Qa5
Ng6 22. Bc1 f4 23. Bb2 Nfe5 24. gxf4 Qxf4 25. Nxe5 Qxf2+ 26. Kh1 Nxe5 27. Qc3
Bc8 28. Re3 Qf5 29. Rg3 Qf6 30. Rg1 Rf7 31. c5 Re8 32. cxd6 Qxd6 33. Be4 Ng6
34. Bxg6 Bxc3 35. Bxf7+ Kxf7 36. Bxc3 Qd5+ 37. R1g2 Re2 38. Kh2 Rxg2+ 39. Rxg2
Bf5 40. Rg7+ Ke6 41. Rxb7 Qf3 42. Rg7 Qxh3+ 43. Kg1 Kd5 44. Kf2 h5 45. Bb2 Qh2+
46. Rg2 Qf4+ 47. Kg1 Bd3 48. Rf2 Qg3+ 49. Rg2 Qe3+ 50. Kh2 h4 51. Nc3+ Ke6 52.
Nd1 Qf4+ 0-1

[Event "20. Obert Int. Sant Marti 2018 - B"]
[Site "Barcelona ESP"]
[Date "2018.07.20"]
[Round "8.16"]
[White "Sans Bascu, Joaquin"]
[Black "Esteban Lupianez, Jose Miguel"]
[Result "1/2-1/2"]
[WhiteElo "1556"]
[BlackElo "1735"]
[PlyCount "88"]
[EventDate "2018.07.13"]
[EventType "swiss"]
[EventRounds "9"]
[EventCountry "ESP"]
[SourceTitle "Ajedrez en Madrid"]
[Source "lmi"]
[SourceDate "2018.07.13"]
[SourceVersion "1"]
[SourceVersionDate "2019.06.21"]
[SourceQuality "1"]

1. e4 c5 2. Nc3 Nc6 3. Bb5 g6 4. Bxc6 bxc6 5. d3 Bg7 6. Bd2 d6 7. Rb1 e6 8. Nf3
Ne7 9. O-O O-O 10. Re1 Rb8 11. Qc1 d5 12. Bh6 d4 13. Bxg7 Kxg7 14. Na4 Qa5 15.
b3 f6 16. Qd2 Qb5 17. c4 Qb4 18. Qxb4 cxb4 19. Nxd4 Rd8 20. Nf3 Rxd3 21. Rbd1
Rxd1 22. Rxd1 Rb7 23. Nc5 Rc7 24. e5 Nf5 25. g4 Ne7 26. exf6+ Kxf6 27. Rd6 Kf7
28. Ng5+ Kf6 29. Nxh7+ Ke5 30. Rd8 Nd5 31. cxd5 cxd5 32. Nd3+ Ke4 33. Nxb4 a5
34. Ng5+ Kd4 35. Re8 axb4 36. Nxe6+ Bxe6 37. Rxe6 Rg7 38. Kf1 Kc3 39. Ke2 g5
40. Rc6+ Kd4 41. Re6 Ra7 42. Rg6 Rxa2+ 43. Kf3 Rb2 44. Rxg5 Rxb3+ 1/2-1/2

[Event "20. Obert Int. Sant Marti 2018 - B"]
[Site "Barcelona ESP"]
[Date "2018.07.20"]
[Round "8.17"]
[White "Lozano Ruiz, David"]
[Black "Minos Constante, Pablo"]
[Result "1/2-1/2"]
[WhiteElo "1869"]
[BlackElo "1781"]
[PlyCount "98"]
[EventDate "2018.07.13"]
[EventType "swiss"]
[EventRounds "9"]
[EventCountry "ESP"]
[SourceTitle "Ajedrez en Madrid"]
[Source "lmi"]
[SourceDate "2018.07.13"]
[SourceVersion "1"]
[SourceVersionDate "2019.06.21"]
[SourceQuality "1"]

1. c4 g6 2. g3 Bg7 3. Bg2 d6 4. Nc3 e5 5. e4 Ne7 6. Nge2 Nbc6 7. d3 O-O 8. O-O
Bg4 9. f3 Be6 10. Nd5 Rc8 11. Be3 Qd7 12. d4 exd4 13. Nxd4 Ne5 14. Rc1 c6 15.
Nxe6 fxe6 16. Nf4 Nf7 17. Nd3 e5 18. Nc5 Qd8 19. Ne6 Qd7 20. Nxf8 Rxf8 21. Rc2
b6 22. Qe2 c5 23. a3 Nc6 24. Qd2 a5 25. Rcc1 Qe6 26. Qd5 Qxd5 27. cxd5 Nd4 28.
Bxd4 exd4 29. Rcd1 Ne5 30. Rc1 Bh6 31. f4 Ng4 32. Bh3 Ne3 33. Be6+ Kg7 34. Rf2
g5 35. f5 g4 36. Re1 Kf6 37. Bd7 Ke5 38. f6 Rxf6 39. Rxf6 Kxf6 40. Kf2 Bg5 41.
Ke2 h6 42. a4 c4 43. Kf2 Ke5 44. Bb5 d3 45. Rxe3 d2 46. Re1 dxe1=Q+ 47. Kxe1
Kxe4 48. Bxc4 Be3 49. Kf1 Bd4 1/2-1/2

[Event "20. Obert Int. Sant Marti 2018 - B"]
[Site "Barcelona ESP"]
[Date "2018.07.20"]
[Round "8.18"]
[White "Serra Vilaro, Agustin"]
[Black "Hovakimyan, Narek"]
[Result "0-1"]
[WhiteElo "1780"]
[BlackElo "1868"]
[PlyCount "106"]
[EventDate "2018.07.13"]
[EventType "swiss"]
[EventRounds "9"]
[EventCountry "ESP"]
[SourceTitle "Ajedrez en Madrid"]
[Source "lmi"]
[SourceDate "2018.07.13"]
[SourceVersion "1"]
[SourceVersionDate "2019.06.21"]
[SourceQuality "1"]

1. d4 Nf6 2. c3 e6 3. Nd2 c5 4. e3 Be7 5. Bd3 O-O 6. f4 Nc6 7. Qf3 d5 8. Ne2 c4
9. Bc2 b5 10. O-O Bd7 11. h3 Bd6 12. g4 Ne7 13. Ng3 Ne8 14. e4 dxe4 15. Ndxe4
f5 16. Nxd6 Nxd6 17. g5 Bc6 18. Qe2 Bd5 19. Bd2 Ng6 20. Rae1 Qc7 21. Qf2 Qc6
22. Re3 Kf7 23. Rfe1 Rae8 24. Qe2 Nxf4 25. Qh2 Ng2 26. Rf1 Nxe3 27. Bxe3 Kg8
28. Bf4 Ne4 29. Ne2 a5 30. h4 Rf7 31. h5 h6 32. Bxe4 Bxe4 33. Be5 hxg5 34. h6
g6 35. Bg7 Kh7 36. Qe5 Qd5 37. Qg3 f4 38. Qh2 Bd3 39. Rf2 Bxe2 40. Rxe2 g4 41.
Re5 Qf3 42. Qf2 Qxf2+ 43. Kxf2 Rf5 44. Re1 b4 45. Rg1 g3+ 46. Kf3 g5 47. Rc1
bxc3 48. Rxc3 Rc8 49. Rc2 a4 50. Re2 c3 51. Rc2 cxb2 52. Rxb2 Rc3+ 53. Kg4 Rc7
0-1

[Event "20. Obert Int. Sant Marti 2018 - B"]
[Site "Barcelona ESP"]
[Date "2018.07.20"]
[Round "8.19"]
[White "Valarezzo Ricard, Pedro"]
[Black "Zubimendi Felip, Ricard"]
[Result "0-1"]
[WhiteElo "1866"]
[BlackElo "1752"]
[PlyCount "80"]
[EventDate "2018.07.13"]
[EventType "swiss"]
[EventRounds "9"]
[EventCountry "ESP"]
[SourceTitle "Ajedrez en Madrid"]
[Source "lmi"]
[SourceDate "2018.07.13"]
[SourceVersion "1"]
[SourceVersionDate "2019.06.21"]
[SourceQuality "1"]

1. d4 Nf6 2. Nf3 d5 3. Bf4 Bf5 4. e3 e6 5. Nbd2 Bd6 6. Ne5 Nbd7 7. Be2 Ne4 8.
g4 Bg6 9. Nxg6 hxg6 10. Nxe4 Bxf4 11. exf4 dxe4 12. g5 f5 13. Qd2 a6 14. O-O-O
Nb6 15. f3 Qd5 16. Qc3 O-O-O 17. fxe4 Qxe4 18. Bf3 Qxf4+ 19. Kb1 Qxg5 20. Rhg1
Qf6 21. Rg2 g5 22. Re2 e5 23. Rxe5 g4 24. Be2 Rxh2 25. Bd3 g6 26. Rde1 Kb8 27.
Qc5 Qd6 28. Re8 Rxe8 29. Rxe8+ Ka7 30. b4 Rh1+ 31. Kb2 Qxc5 32. bxc5 Nd5 33.
Bc4 c6 34. Rg8 Rh6 35. Bd3 Nf4 36. Kc3 Rh2 37. Rg7 g3 38. Bxf5 g2 39. Be4 g1=Q
40. Bxc6 Qe3+ 0-1

[Event "20. Obert Int. Sant Marti 2018 - B"]
[Site "Barcelona ESP"]
[Date "2018.07.20"]
[Round "8.20"]
[White "Garcia Quevedo, Jose"]
[Black "Elizondo Marquet, Juan Marcos"]
[Result "1-0"]
[WhiteElo "1864"]
[BlackElo "1767"]
[PlyCount "140"]
[EventDate "2018.07.13"]
[EventType "swiss"]
[EventRounds "9"]
[EventCountry "ESP"]
[SourceTitle "Ajedrez en Madrid"]
[Source "lmi"]
[SourceDate "2018.07.13"]
[SourceVersion "1"]
[SourceVersionDate "2019.06.21"]
[SourceQuality "1"]

1. d4 d5 2. c4 dxc4 3. Nf3 Nf6 4. e3 Bg4 5. Bxc4 e6 6. O-O Nbd7 7. h3 Bh5 8.
Nc3 Bd6 9. e4 e5 10. d5 O-O 11. Re1 h6 12. a3 a5 13. Be2 Nc5 14. Qc2 Bg6 15.
Nd2 Nh5 16. Bxh5 Bxh5 17. Nc4 Qd7 18. Be3 b6 19. Bxc5 bxc5 20. Ne3 Bg6 21. f3
Rab8 22. Rab1 Rb7 23. Na4 Rb5 24. Nc4 Rfb8 25. Nc3 R5b7 26. Nxa5 Rb6 27. Nc6
R8b7 28. a4 f5 29. a5 Ra6 30. Na4 fxe4 31. fxe4 Rxc6 32. dxc6 Qxc6 33. Nc3 c4
34. Ra1 Bc5+ 35. Kh1 Bd4 36. a6 Ra7 37. Qa4 Qxa4 38. Rxa4 Be8 39. Rxc4 Rxa6 40.
Rxc7 Bg6 41. Rb7 Rc6 42. Nd5 Rc2 43. Ne7+ Kh7 44. Nxg6 Kxg6 45. b4 Rb2 46. Rf1
Be3 47. b5 h5 48. g4 hxg4 49. hxg4 Bf4 50. Rd1 Rh2+ 51. Kg1 Rh4 52. Rb1 Be3+
53. Kf1 Rxg4 54. Rb3 Rxe4 55. b6 Bd4 56. Rd7 Rf4+ 57. Ke1 Rf8 58. b7 Ba7 59.
Rc7 Rf6 60. b8=Q Bxb8 61. Rxb8 Kf5 62. Rxg7 Ke4 63. Rb4+ Kf3 64. Rb3+ Kf4 65.
Rg1 Ke4 66. Ke2 Rh6 67. Rb4+ Kd5 68. Rb7 Rh4 69. Rd1+ Ke6 70. Ke3 Rh5 1-0

[Event "20. Obert Int. Sant Marti 2018 - B"]
[Site "Barcelona ESP"]
[Date "2018.07.20"]
[Round "8.21"]
[White "Castro Estrella, Joan Gabriel"]
[Black "Carrey Abellan, Enric"]
[Result "0-1"]
[WhiteElo "1712"]
[BlackElo "1855"]
[PlyCount "90"]
[EventDate "2018.07.13"]
[EventType "swiss"]
[EventRounds "9"]
[EventCountry "ESP"]
[SourceTitle "Ajedrez en Madrid"]
[Source "lmi"]
[SourceDate "2018.07.13"]
[SourceVersion "1"]
[SourceVersionDate "2019.06.21"]
[SourceQuality "1"]

1. c4 Nf6 2. g3 c5 3. Bg2 Nc6 4. Nf3 g6 5. Nc3 Bg7 6. Rb1 O-O 7. d3 d6 8. O-O
a6 9. e3 Rb8 10. a4 Bd7 11. Re1 Na7 12. d4 cxd4 13. exd4 b5 14. Nd2 Re8 15.
axb5 axb5 16. cxb5 Nxb5 17. Nb3 Qc7 18. Ne4 Nxe4 19. Bxe4 Qc4 20. d5 Bh3 21.
Na5 Qc7 22. Nc6 Rb7 23. Qf3 h5 24. Qd3 Na7 25. Re2 Nxc6 26. dxc6 Rb4 27. Rc2
Rxe4 28. Qxe4 Bf5 29. Qc4 Bxc2 30. Qxc2 Rc8 31. b4 Qxc6 32. Qxc6 Rxc6 33. b5
Rb6 34. Be3 Rb7 35. Kf1 d5 36. f4 Kf8 37. Ke2 Ke8 38. Kd3 Kd7 39. b6 f6 40. f5
gxf5 41. Bd2 e5 42. Ba5 Bf8 43. Rf1 Ke6 44. Rc1 Bd6 45. Rc8 e4+ 0-1

[Event "20. Obert Int. Sant Marti 2018 - B"]
[Site "Barcelona ESP"]
[Date "2018.07.20"]
[Round "8.22"]
[White "Gorti, Atmika"]
[Black "Colom Andres, Xavier"]
[Result "1/2-1/2"]
[WhiteElo "1712"]
[BlackElo "1838"]
[PlyCount "92"]
[EventDate "2018.07.13"]
[EventType "swiss"]
[EventRounds "9"]
[EventCountry "ESP"]
[SourceTitle "Ajedrez en Madrid"]
[Source "lmi"]
[SourceDate "2018.07.13"]
[SourceVersion "1"]
[SourceVersionDate "2019.06.21"]
[SourceQuality "1"]

1. e4 c6 2. d4 d5 3. e5 c5 4. dxc5 e6 5. Qg4 Nc6 6. Nf3 Qc7 7. Bf4 Nge7 8. Nc3
a6 9. a3 h5 10. Qg5 Nf5 11. Bg3 Bxc5 12. Bd3 Be7 13. Qd2 Nxg3 14. hxg3 Nxe5 15.
Qe2 Nxf3+ 16. Qxf3 Bd7 17. Rxh5 O-O-O 18. O-O-O Rxh5 19. Qxh5 g6 20. Qf3 Bc6
21. Qg4 Kb8 22. Re1 d4 23. Ne4 f5 24. Qxg6 fxe4 25. Bxe4 d3 26. Bxd3 Bd5 27.
Qg7 Qa5 28. Re2 Bc5 29. g4 Bxf2 30. Qe5+ Ka8 31. Rxf2 Qc5 32. Re2 Qg1+ 33. Kd2
Qh1 34. g5 Qh5 35. Qf6 Rg8 36. c4 Bc6 37. g6 Qa5+ 38. Kc1 Ba4 39. g7 Qc5 40. b4
Qg1+ 41. Kb2 Qd1 42. Qc3 Rxg7 43. Qxg7 Qb3+ 44. Ka1 Qd1+ 45. Ka2 Qb3+ 46. Ka1
Qd1+ 1/2-1/2

[Event "20. Obert Int. Sant Marti 2018 - B"]
[Site "Barcelona ESP"]
[Date "2018.07.20"]
[Round "8.23"]
[White "Gallego Montes, Antoni"]
[Black "Peter, Louis-Alexis"]
[Result "1-0"]
[WhiteElo "1837"]
[BlackElo "1558"]
[PlyCount "41"]
[EventDate "2018.07.13"]
[EventType "swiss"]
[EventRounds "9"]
[EventCountry "ESP"]
[SourceTitle "Ajedrez en Madrid"]
[Source "lmi"]
[SourceDate "2018.07.13"]
[SourceVersion "1"]
[SourceVersionDate "2019.06.21"]
[SourceQuality "1"]

1. e4 c5 2. c3 d5 3. exd5 Qxd5 4. d4 Nf6 5. Nf3 Nc6 6. Be2 Bg4 7. h3 Bh5 8. c4
Qd8 9. d5 Bxf3 10. Bxf3 Nd4 11. Nc3 Nxf3+ 12. Qxf3 Nd7 13. Bf4 a6 14. O-O g6
15. Rfe1 Bg7 16. Bd6 Bf6 17. Bxe7 Bxe7 18. d6 O-O 19. dxe7 Qb6 20. exf8=Q+ Nxf8
21. Re7 1-0

[Event "20. Obert Int. Sant Marti 2018 - B"]
[Site "Barcelona ESP"]
[Date "2018.07.20"]
[Round "8.24"]
[White "Moncunill Calvet, Pol"]
[Black "Garcia Clemente, Julian Fco."]
[Result "1/2-1/2"]
[WhiteElo "1621"]
[BlackElo "1828"]
[PlyCount "59"]
[EventDate "2018.07.13"]
[EventType "swiss"]
[EventRounds "9"]
[EventCountry "ESP"]
[SourceTitle "Ajedrez en Madrid"]
[Source "lmi"]
[SourceDate "2018.07.13"]
[SourceVersion "1"]
[SourceVersionDate "2019.06.21"]
[SourceQuality "1"]

1. d4 Nf6 2. Bf4 e6 3. e3 c5 4. Bd3 b6 5. Nf3 Bb7 6. Nbd2 Be7 7. h3 cxd4 8.
exd4 d6 9. c3 Nbd7 10. Qe2 O-O 11. O-O Re8 12. Bh2 Bf8 13. Nc4 e5 14. dxe5 dxe5
15. Bc2 Qc8 16. Bb3 Nc5 17. Bc2 Ncd7 18. a4 Qc6 19. Ne3 a5 20. Qc4 Rac8 21.
Qxc6 Bxc6 22. Nd2 Bd6 23. Ndc4 Bc7 24. Nf5 Re6 25. Rad1 Rd8 26. Rfe1 Nc5 27.
Rxd8+ Bxd8 28. b3 g6 29. Nfe3 Bc7 30. f3 1/2-1/2

[Event "20. Obert Int. Sant Marti 2018 - B"]
[Site "Barcelona ESP"]
[Date "2018.07.20"]
[Round "8.25"]
[White "Campos Barrachina, Edgar"]
[Black "Zaiats, Vladimir"]
[Result "0-1"]
[WhiteElo "1689"]
[BlackElo "1943"]
[PlyCount "106"]
[EventDate "2018.07.13"]
[EventType "swiss"]
[EventRounds "9"]
[EventCountry "ESP"]
[SourceTitle "Ajedrez en Madrid"]
[Source "lmi"]
[SourceDate "2018.07.13"]
[SourceVersion "1"]
[SourceVersionDate "2019.06.21"]
[SourceQuality "1"]

1. e4 e5 2. d4 exd4 3. c3 dxc3 4. Nxc3 d5 5. exd5 Nf6 6. Nf3 Be7 7. Bc4 O-O 8.
O-O Nbd7 9. Bf4 Nb6 10. Bb3 Bg4 11. h3 Bh5 12. Qd3 Bg6 13. Qd4 Ne8 14. Rac1 Nd6
15. Be5 Nf5 16. Qf4 Nd6 17. Qd4 Nf5 18. Qf4 Rc8 19. g4 Nd6 20. Qd4 Ne8 21. Ne4
Bxe4 22. Qxe4 Bf6 23. Bc2 g6 24. Bb3 Bxe5 25. Qxe5 Qf6 26. Qxf6 Nxf6 27. Rfd1
Rfd8 28. d6 cxd6 29. Ng5 d5 30. Rxc8 Nxc8 31. Rc1 h6 32. Nf3 Nb6 33. Ne5 Nfd7
34. f4 Nxe5 35. fxe5 Rd7 36. Kf2 Kf8 37. Ke3 Ke7 38. Kd4 Nc4 39. Rc2 b5 40. Kc5
a6 41. Bxc4 bxc4 42. Kb6 Ke6 43. Re2 d4 44. Kxa6 d3 45. Rd2 Kxe5 46. Kb5 Kd4
47. a4 Rb7+ 48. Kc6 Ra7 49. Kb5 c3 50. bxc3+ Kxc3 51. Rf2 d2 52. Rf1 Kc2 53.
Rf2 Kc1 0-1

[Event "20. Obert Int. Sant Marti 2018 - B"]
[Site "Barcelona ESP"]
[Date "2018.07.20"]
[Round "8.26"]
[White "Martinez Escribano, Jose Angel"]
[Black "Carrasco Cortada, Juan"]
[Result "1-0"]
[WhiteElo "1930"]
[BlackElo "1649"]
[PlyCount "95"]
[EventDate "2018.07.13"]
[EventType "swiss"]
[EventRounds "9"]
[EventCountry "ESP"]
[SourceTitle "Ajedrez en Madrid"]
[Source "lmi"]
[SourceDate "2018.07.13"]
[SourceVersion "1"]
[SourceVersionDate "2019.06.21"]
[SourceQuality "1"]

1. e4 e5 2. Nf3 Nc6 3. Bb5 Nge7 4. O-O g6 5. c3 Bg7 6. h3 O-O 7. d4 exd4 8.
cxd4 d5 9. e5 Nf5 10. Bg5 f6 11. exf6 Bxf6 12. Bxc6 bxc6 13. Bxf6 Qxf6 14. Nc3
Ba6 15. Re1 Rab8 16. Qa4 Bc4 17. Qxa7 Nh4 18. Re3 Rxb2 19. Rb1 Rxb1+ 20. Nxb1
Qf4 21. Nbd2 Nf5 22. Nxc4 dxc4 23. Rc3 Nh4 24. Qa3 Rb8 25. g3 Nxf3+ 26. Rxf3
Qxd4 27. Qe7 Qd1+ 28. Kg2 Qd5 29. Qa3 c5 30. Qc3 Rf8 31. a4 Rf7 32. g4 Kf8 33.
Qa3 Rxf3 34. Qxf3+ Qxf3+ 35. Kxf3 Ke7 36. Ke3 Kd7 37. Kd2 Kd6 38. Kc3 Kc6 39.
Kxc4 Kb6 40. Kd5 Ka5 41. Kxc5 Kxa4 42. Kc6 Kb4 43. Kxc7 Kc5 44. Kd7 Kd5 45. Ke7
Ke5 46. Kf7 Kf4 47. Kg7 Ke5 48. Kxh7 1-0

[Event "20. Obert Int. Sant Marti 2018 - B"]
[Site "Barcelona ESP"]
[Date "2018.07.20"]
[Round "8.27"]
[White "Morales Rubiella, Albert"]
[Black "Pascual Gonzalez-Novelles, David"]
[Result "0-1"]
[WhiteElo "1396"]
[BlackElo "1587"]
[PlyCount "82"]
[EventDate "2018.07.13"]
[EventType "swiss"]
[EventRounds "9"]
[EventCountry "ESP"]
[SourceTitle "Ajedrez en Madrid"]
[Source "lmi"]
[SourceDate "2018.07.13"]
[SourceVersion "1"]
[SourceVersionDate "2019.06.21"]
[SourceQuality "1"]

1. e4 e5 2. Nf3 d6 3. d4 exd4 4. Nxd4 Nf6 5. Nc3 Be7 6. Be2 O-O 7. O-O h6 8.
Be3 Nh7 9. Nd5 f5 10. Nxe7+ Qxe7 11. exf5 Bxf5 12. Nxf5 Rxf5 13. Bd3 Rf8 14.
Qg4 Nf6 15. Qg3 Kh8 16. Qg6 Nbd7 17. Rfe1 Ne5 18. Qg3 Nxd3 19. cxd3 Rae8 20.
Bd2 Qf7 21. Rxe8 Rxe8 22. Qf3 Qd5 23. Qxd5 Nxd5 24. Re1 Rxe1+ 25. Bxe1 Nf4 26.
d4 Ne2+ 27. Kf1 Nxd4 28. Bc3 Nb5 29. Ke2 Nxc3+ 30. bxc3 g6 31. Ke3 Kg7 32. Ke4
Kf6 33. c4 c6 34. f4 a6 35. g4 Ke6 36. h4 b5 37. cxb5 axb5 38. h5 gxh5 39. f5+
Kf6 40. gxh5 d5+ 41. Kf4 c5 0-1

[Event "20. Obert Int. Sant Marti 2018 - B"]
[Site "Barcelona ESP"]
[Date "2018.07.20"]
[Round "8.28"]
[White "Yuste Fornell, Ramon"]
[Black "San Isidoro Castillo, Josep"]
[Result "1-0"]
[WhiteElo "1948"]
[BlackElo "1377"]
[PlyCount "75"]
[EventDate "2018.07.13"]
[EventType "swiss"]
[EventRounds "9"]
[EventCountry "ESP"]
[SourceTitle "Ajedrez en Madrid"]
[Source "lmi"]
[SourceDate "2018.07.13"]
[SourceVersion "1"]
[SourceVersionDate "2019.06.21"]
[SourceQuality "1"]

1. e4 e5 2. Nf3 Nc6 3. Bc4 Nf6 4. Ng5 d5 5. exd5 b5 6. Bf1 Nd4 7. c3 Nf5 8.
Bxb5+ Bd7 9. Bxd7+ Qxd7 10. d6 cxd6 11. O-O h6 12. Nf3 e4 13. Ne1 d5 14. d3 Bd6
15. dxe4 dxe4 16. Nc2 O-O 17. Nd4 Rad8 18. h3 Bc5 19. Be3 Nxd4 20. cxd4 Bxd4
21. Nc3 Bxc3 22. bxc3 Qc7 23. Bd4 Rd7 24. Qe2 Qc6 25. Rfe1 Re8 26. Rac1 a6 27.
Qc2 Rde7 28. Rb1 Nd7 29. Be3 Re6 30. Bd4 Rg6 31. Re3 Kh7 32. Rbe1 f5 33. Kh1 f4
34. Rxe4 Rf8 35. f3 Nf6 36. Re6 Qc4 37. Bxf6 gxf6 38. Re7+ 1-0

[Event "20. Obert Int. Sant Marti 2018 - B"]
[Site "Barcelona ESP"]
[Date "2018.07.20"]
[Round "8.29"]
[White "Moreno Perez, Norberto"]
[Black "Cabrera Ojeda, Roberto"]
[Result "0-1"]
[WhiteElo "1874"]
[BlackElo "1652"]
[PlyCount "98"]
[EventDate "2018.07.13"]
[EventType "swiss"]
[EventRounds "9"]
[EventCountry "ESP"]
[SourceTitle "Ajedrez en Madrid"]
[Source "lmi"]
[SourceDate "2018.07.13"]
[SourceVersion "1"]
[SourceVersionDate "2019.06.21"]
[SourceQuality "1"]

1. e4 e5 2. Bc4 Nc6 3. c3 Nf6 4. d3 g6 5. Nf3 Bg7 6. Bg5 d6 7. h3 h6 8. Bh4 Na5
9. Bb5+ Bd7 10. Ba4 Bxa4 11. Qxa4+ Nc6 12. Nbd2 O-O 13. Nf1 Ne7 14. Ne3 c6 15.
g4 b5 16. Qb3 Qc7 17. Rg1 a5 18. a4 bxa4 19. Rxa4 Rfb8 20. Qa3 g5 21. Bg3 Ng6
22. h4 Nh7 23. Nf5 Bf8 24. Qa2 Qb7 25. Kf1 Qxb2 26. Qc4 Qb5 27. Qa2 Qxd3+ 28.
Kg2 Qxc3 29. hxg5 Rb3 30. Ne3 Nf4+ 31. Kh2 Nxg5 32. Nxg5 hxg5 33. Rc1 Qxc1 34.
Qxb3 Ne2 35. Nd1 Nd4 36. Qb7 Re8 37. Ne3 Re6 38. Kg2 Rh6 39. Bh2 Ne2 40. Nf1
Nf4+ 41. Bxf4 Qxf4 42. Qd7 Rf6 43. Ra2 Qf3+ 44. Kg1 Rf4 45. Nh2 Qxe4 46. Ra1
Rxf2 47. Kxf2 Qd4+ 48. Kg3 Qxa1 49. Qf5 Qe1+ 0-1

[Event "20. Obert Int. Sant Marti 2018 - B"]
[Site "Barcelona ESP"]
[Date "2018.07.20"]
[Round "8.30"]
[White "Bellpuig Mencos, Gerard"]
[Black "Farre Buil, Carles"]
[Result "1-0"]
[WhiteElo "1606"]
[BlackElo "1855"]
[PlyCount "75"]
[EventDate "2018.07.13"]
[EventType "swiss"]
[EventRounds "9"]
[EventCountry "ESP"]
[SourceTitle "Ajedrez en Madrid"]
[Source "lmi"]
[SourceDate "2018.07.13"]
[SourceVersion "1"]
[SourceVersionDate "2019.06.21"]
[SourceQuality "1"]

1. e4 c5 2. Nf3 g6 3. d4 cxd4 4. Nxd4 Bg7 5. Be3 Nc6 6. Nc3 Nf6 7. f3 O-O 8.
Qd2 d6 9. O-O-O d5 10. h4 dxe4 11. Nxc6 Qxd2+ 12. Rxd2 bxc6 13. Nxe4 Nd5 14.
Bg5 h6 15. c4 hxg5 16. cxd5 gxh4 17. d6 exd6 18. Rxd6 Be6 19. Rxh4 Bxa2 20.
Nf6+ Bxf6 21. Rxf6 Be6 22. Bc4 Kg7 23. Rxe6 fxe6 24. Bxe6 Rf6 25. Bc4 Rh8 26.
Re4 Rh1+ 27. Kc2 Rh2 28. Re2 Kh6 29. Kc3 Kg5 30. f4+ Kxf4 31. Rf2+ Kg5 32. Re2
Rh7 33. Re5+ Kf4 34. Re2 Kg3 35. Bd3 g5 36. Bxh7 Rf2 37. Rxf2 Kxf2 38. Be4 1-0

[Event "20. Obert Int. Sant Marti 2018 - B"]
[Site "Barcelona ESP"]
[Date "2018.07.20"]
[Round "8.31"]
[White "Minko, Olga"]
[Black "Ruiz Puerta, Jon Ander"]
[Result "1-0"]
[WhiteElo "1822"]
[BlackElo "1616"]
[PlyCount "55"]
[EventDate "2018.07.13"]
[EventType "swiss"]
[EventRounds "9"]
[EventCountry "ESP"]
[SourceTitle "Ajedrez en Madrid"]
[Source "lmi"]
[SourceDate "2018.07.13"]
[SourceVersion "1"]
[SourceVersionDate "2019.06.21"]
[SourceQuality "1"]

1. e4 c5 2. Nf3 d6 3. d4 cxd4 4. Nxd4 Nf6 5. Nc3 g6 6. Be3 Bg7 7. f3 Bd7 8. Qd2
Nc6 9. O-O-O Rc8 10. Kb1 a6 11. g4 b5 12. h4 h5 13. g5 Nh7 14. f4 Nf8 15. f5
Ne5 16. Nd5 Bc6 17. f6 exf6 18. gxf6 Bxf6 19. Nxf6+ Qxf6 20. Bg5 Qg7 21. Nf5
gxf5 22. Qxd6 Qxg5 23. hxg5 Nfg6 24. Bg2 Bxe4 25. Bxe4 fxe4 26. Qxa6 Rc6 27.
Qxb5 Kf8 28. Rd5 1-0